Monografia del establecimiento de baños minero-medicinales de Borines, provincia de Oviedo. (Record no. 32270)

MARC details
000 -LEADER
campo de control de longitud fija 00556nam a2200169 i 4500
001 - NÚMERO DE CONTROL
campo de control 32270
003 - IDENTIFICADOR DE NÚMERO DE CONTROL
campo de control ES-MaACL
005 - FECHA Y HORA DE LA ÚLTIMA TRANSACCIÓN
campo de control 20230906154537.0
007 - CAMPO FIJO DE DESCRIPCIÓN FÍSICA--INFORMACIÓN GENERAL
campo de control de longitud fija t|
008 - DATOS DE LONGITUD FIJA--INFORMACIÓN GENERAL
campo de control de longitud fija 200925s1878 sp ||||1| spa d
245 00 - MENCIÓN DEL TÍTULO
Título Monografia del establecimiento de baños minero-medicinales de Borines, provincia de Oviedo.
260 ## - PUBLICACIÓN, DISTRIBUCIÓN, ETC.
Lugar de publicación, distribución, etc. [S.l.] :
Nombre del editor, distribuidor, etc. [s.n.],
Fecha de publicación, distribución, etc. 1878 (
Lugar de fabricación/manufactura Madrid :
Fabricante Tip.-Estereotipia Perojo)
300 ## - DESCRIPCIÓN FÍSICA
Extensión 24 p. :
Otras características físicas il. ;
Dimensiones 23 cm.
650 #4 - PUNTO DE ACCESO ADICIONAL DE MATERIA--TÉRMINO DE MATERIA
Término de materia o nombre geográfico como elemento de entrada Aguas minerales-
Subdivisión geográfica Borines.
9 (RLIN) 170350
650 #4 - PUNTO DE ACCESO ADICIONAL DE MATERIA--TÉRMINO DE MATERIA
Término de materia o nombre geográfico como elemento de entrada Balnearios-
Subdivisión geográfica Borines.
9 (RLIN) 170351
852 ## - LOCALIZACIÓN
Ubicación ES-MaACL
Número de control de estantería T-252-F-3
Holdings
Estatus retirado Estado de pérdida Estado de daño No para préstamo Colección Biblioteca de origen Biblioteca actual Ubicación en estantería Fecha de adquisición Fuente de adquisición Total de préstamos Signatura topográfica completa Código de barras Visto por última vez Precio de reemplazo Tipo de ítem Koha
        Colección de folletos Biblioteca del Ateneo de Madrid Biblioteca del Ateneo de Madrid Depósito folletos 30/05/2005     T-252-F-3 1202056 23/02/2023 23/02/2023 Folleto